Digital and analogue instrumentation testing and measurement (Record no. 569903)
[ view plain ]
| 000 -LEADER | |
|---|---|
| fixed length control field | 00671nam a22001817a 4500 |
| 003 - CONTROL NUMBER IDENTIFIER | |
| control field | CEME |
| 005 - DATE AND TIME OF LATEST TRANSACTION | |
| control field | 20210628202458.0 |
| 008 - FIXED-LENGTH DATA ELEMENTS--GENERAL INFORMATION | |
| fixed length control field | 210122b xxu||||| |||| 00| 0 eng d |
| 020 ## - INTERNATIONAL STANDARD BOOK NUMBER | |
| International Standard Book Number | 0-85296-999-6 |
| 040 ## - CATALOGING SOURCE | |
| Transcribing agency | . |
| 082 ## - DEWEY DECIMAL CLASSIFICATION NUMBER | |
| Classification number | 621.381548 KUL |
| 100 ## - MAIN ENTRY--PERSONAL NAME | |
| Personal name | Kularatna, Nihal |
| 9 (RLIN) | 60075 |
| 245 ## - TITLE STATEMENT | |
| Title | Digital and analogue instrumentation testing and measurement |
| 260 ## - PUBLICATION, DISTRIBUTION, ETC. | |
| Place of publication, distribution, etc. | NEW YORK |
| Name of publisher, distributor, etc. | THE INSTITUTE OF ELECTRICAL ENGINEERING |
| Date of publication, distribution, etc. | 2003 |
| 300 ## - PHYSICAL DESCRIPTION | |
| Extent | XXIII,645 P |
| 650 ## - SUBJECT ADDED ENTRY--TOPICAL TERM | |
| Topical term or geographic name entry element | ELECTRONIC INSTRUMENT -TESTING.ENABLING TECHNOLOGIES.DATA CONVERTERS.OSCILLOSCOPES.DSO TECHNIQUES.ELECTRONIC COUNTERS.SPECTRUM ANALYSIS.SENSORS.CALIBRATION OF INSTRUMENTS. |
| 9 (RLIN) | 60076 |
| 942 ## - ADDED ENTRY ELEMENTS (KOHA) | |
| Koha item type | Book |
| Source of classification or shelving scheme | |
| Withdrawn status | Lost status | Damaged status | Not for loan | Permanent Location | Current Location | Shelving location | Date acquired | Total Checkouts | Full call number | Barcode | Date last seen | Price effective from | Koha item type |
|---|---|---|---|---|---|---|---|---|---|---|---|---|---|
| College of Electrical & Mechanical Engineering (CEME) | College of Electrical & Mechanical Engineering (CEME) | General Stacks | 07/19/2017 | 621.381548 KUL | CEME-41498 | 06/28/2021 | 06/28/2021 | Book |
